| 000 | nam a22 7a 4500 | ||
|---|---|---|---|
| 999 |
_c154079 _d154077 |
||
| 005 | 20200207112148.0 | ||
| 008 | 200207b sp ||||| |||| 00| 0 spa d | ||
| 020 | _a8478843027 | ||
| 050 | 0 | 4 |
_aLC196 _bG57 [2005] |
| 100 | 1 | _aGiroux, Henry A | |
| 245 | 1 | 0 |
_aEstudios culturales, pedagogía crítica y democracia radical / _cHenry Giroux ; con un epílogo Douglas Kellner |
| 250 | _aPrimera edición | ||
| 260 |
_aEspaña : _bPopular, _c[2005] |
||
| 300 |
_a218 páginas ; _c24 cm |
||
| 490 | _aColección Proa Serie Manuales | ||
| 504 | _aBibliografía | ||
| 650 | 7 |
_2lemb _aPedagogía crítica |
|
| 650 | 7 |
_2lemb _aEducación y Estado |
|
| 700 | 1 |
_aKellner, Douglas, _d1943- _eepílogo |
|
| 942 |
_2lcc _cLIB |
||